Guess the '80s College Radio Hit with No Clues #2 - Statistics

General Stats
  • This quiz has been taken 66 times
  • The average score is 55 of 135
Answer Stats
Lyrics % Correct
a
98%
I
96%
the
92%
you
84%
to
78%
and
76%
me
76%
in
70%
be
68%
he
68%
so
62%
it
60%
your
58%
thin
56%
will
52%
him
48%
time
38%
too
38%
up
38%
mine
36%
thick
32%
all
30%
give
30%
through
28%
know
24%
saw
24%
with
24%
take
22%
against
20%
yourself
20%
arms
18%
killing
18%
moon
18%
come
16%
fate
16%
or
16%
until
14%
wait
14%
must
12%
Under
12%
under
12%
you'll
12%
blue
10%
kissed
10%
world
10%
soon
8%
unwillingly
8%
lips
6%
sky
6%
cruelly
4%
late
4%
nights
4%
though
4%
beg
2%
cancel
2%
starlit
2%
hung
0%
jewels
0%
magic
0%
No matching quizzes found
Score Distribution
Percent of People with Each Score
Percentile by Number Answered
Your Score History
You have not taken this quiz